| 000 | 01001nam0a2200313 4500 | ||
|---|---|---|---|
| 001 | RU\NLR\bibl\147719 | ||
| 005 | 20260406041414.0 | ||
| 021 |
_aRU _b2000-45370 _92092 |
||
| 035 | _a(NLR Aleph) 000144764 | ||
| 090 |
_a829492 _c829492 |
||
| 100 | _a20010320d2000 |||y0rusy50 ca | ||
| 101 | 0 | _arus | |
| 102 | _aRU | ||
| 105 | _ac ||||||||| | ||
| 200 | 1 |
_aСолнечные часы _eКн. лирики _fЮрий Магалиф |
|
| 210 |
_aНовосибирск _cРИФ-плюс _d2000 |
||
| 215 |
_a128 с. _cпортр. _d14 |
||
| 675 |
_a821.161.1-1Магалиф _v3 _zrus |
||
| 686 |
_a17.82 _2rugasnti |
||
| 686 |
_a84(2Рос=Рус)6-5 _2rubbk |
||
| 686 | _aШ6(2=Р)75-5 | ||
| 700 | 1 |
_4070 _8rus _7ca _aМагалиф _bЮ. М. _f1918-2001 _gЮрий Михайлович _3RU\NLR\AUTH\771804 _9111822 |
|
| 801 | 0 |
_aRU _bRKP _c20010320 _gPSBO |
|
| 801 | 1 |
_aRU _bRKP _c20010320 |
|
| 801 | 2 |
_aRU _bNLR _c20060417 _grcr |
|
| 942 | _cBOOK | ||
| 980 | _aNB | ||